Navrhování staveb : Příručka pro stavebního odborníka,stavebníka,vyučujícího i studenta

Na minha lista:
Detalhes bibliográficos
Autor principal: Neufert, Ernst (Author)
Formato: Livro
Idioma:tcheco
Publicado em: Praha : Consultinvest, 1995
Edição:1.vyd.-dotlač(33.preprac. a uprav.nemecké vyd.)
Tags: Adicionar Tag
Sem tags, seja o primeiro a adicionar uma tag!

MARC

LEADER 00000nam a22000003a 4500
001 stu29971
005 20150617225734.8
008 951128s1995----cs------------------cze-d
020 |a 80-901486-4-6 
040 |a STU  |b slo 
041 0 |a cze 
044 |a cs 
080 |a 624.92 
080 |a 721 
100 1 |a Neufert, Ernst  |4 aut 
245 1 |a Navrhování staveb :  |b Příručka pro stavebního odborníka,stavebníka,vyučujícího i studenta 
250 |a 1.vyd.-dotlač(33.preprac. a uprav.nemecké vyd.) 
260 |a Praha :  |b Consultinvest,  |c 1995 
300 |a 14,581 s 
996 |c V*46682/O-20546  |l VV8  |s P  |a 0  |w stu29971_0001 
996 |c V*45614/O-20109  |l VV8  |s P  |a 0  |w stu29971_0002 
996 |b 284V026395  |c V*45821/O-20183  |l VVT  |s A  |a 24  |w stu29971_0003 
996 |b 284V040153  |c V*46019/O-20231  |l VVS  |s A  |a 24  |w stu29971_0004 
996 |b 284V023056  |c V*45784/O-20178  |l VVS  |s A  |a 24  |w stu29971_0005 
996 |c V*46615/O-20494  |l VV25  |s P  |a 0  |w stu29971_0006 
996 |b 284V028530  |c V*43876/O-19063  |l VVT  |s A  |a 24  |w stu29971_0008 
996 |c V*43944/O-19116  |l VV2  |s P  |a 0  |w stu29971_0010